书目信息 |
| 题名: |
新世纪实用英语写作
|
|
| 作者: | 张玉娟 , 陈春田 , 邹云敏 , 王青华 编著 | |
| 分册: | ||
| 出版信息: | 北京 外语教学与研究出版社 2019.12 |
|
| 页数: | 326页 | |
| 开本: | 25cm | |
| 丛书名: | ||
| 单 册: | ||
| 中图分类: | H315 | |
| 科图分类: | ||
| 主题词: | 英语--ying yu--写作 | |
| 电子资源: | ||
| ISBN: | 978-7-5213-1253-9 | |
| 000 | 01316nam0 2200313 450 | |
| 001 | 0100016173 | |
| 005 | 20200929160439.0 | |
| 010 | @a978-7-5213-1253-9@dCNY49.90 | |
| 100 | @a20200619d2019 em y0chiy50 ea | |
| 101 | 0 | @achi@aeng |
| 102 | @aCN@b110000 | |
| 105 | @aa a 000yy | |
| 106 | @ar | |
| 200 | 1 | @a新世纪实用英语写作@Axin shi ji shi yong ying yu xie zuo@d= New century practical English writing@f张玉娟 ... [等] 编著@zeng |
| 205 | @a第4版 | |
| 210 | @a北京@c外语教学与研究出版社@d2019.12 | |
| 215 | @a326页@c图@d25cm | |
| 304 | @a题名页题其余责任者: 陈春田, 邹云敏, 王青华 | |
| 320 | @a有书目 (第325-326页) | |
| 330 | @a本书是在修订版的基础上完善而来, 保留了原来的经典内容, 按照句、段、文的结构框架系统介绍了英语写作的方法和技巧, 循序渐进地指导/引导写作者熟悉并掌握英文写作的要领。同时, 增加了关于写作与思辨能力培养的相关内容, 以突显思辨能力在写作过程中的重要意义。在学术写作部分增加了学术成果展示, 讨论了如何撰写会议发言和壁报。 | |
| 510 | 1 | @aNew century practical English writing@zeng |
| 606 | 0 | @a英语@Aying yu@x写作 |
| 690 | @aH315@v5 | |
| 701 | 0 | @a张玉娟@Azhang yu juan@4编著 |
| 701 | 0 | @a陈春田@Achen chun tian@4编著 |
| 701 | 0 | @a邹云敏@Azou yun min@4编著 |
| 701 | 0 | @a王青华@Awang qing hua@4编著 |
| 801 | 0 | @aCN@c20200619 |
| 905 | @a河南城建学院图书馆@dH315@f3@eZ232 | |
| 新世纪实用英语写作= New century practical English writing/张玉娟 ... [等] 编著.-第4版.-北京:外语教学与研究出版社,2019.12 |
| 326页:图;25cm |
| ISBN 978-7-5213-1253-9:CNY49.90 |
| 本书是在修订版的基础上完善而来, 保留了原来的经典内容, 按照句、段、文的结构框架系统介绍了英语写作的方法和技巧, 循序渐进地指导/引导写作者熟悉并掌握英文写作的要领。同时, 增加了关于写作与思辨能力培养的相关内容, 以突显思辨能力在写作过程中的重要意义。在学术写作部分增加了学术成果展示, 讨论了如何撰写会议发言和壁报。 |
| ● |
| 相关链接 |
|
|
|
正题名:新世纪实用英语写作
索取号:H315/Z232
 
预约/预借
| 序号 | 登录号 | 条形码 | 馆藏地/架位号 | 状态 | 备注 |
| 1 | 1493170 | 214931706 | 语言库209/209语言库 38排7列4层/ [索取号:H315/Z232] | 在馆 | |
| 2 | 1493171 | 214931715 | 语言库209/209语言库 38排7列4层/ [索取号:H315/Z232] | 在馆 | |
| 3 | 1493172 | 214931724 | 语言库209/209语言库 38排7列4层/ [索取号:H315/Z232] | 在馆 |